000 00964nam a2200229Ia 4500
003 GCL
008 140319s9999 xx 000 0 ara d
040 _aGCL /
_cGCL
082 0 4 _a811.5
_bش ط
100 1 _aالشريف المرتضى: ابو القاسم على بن الحسين بن موسى بن محمد بن ابرهيم
245 1 0 _aطيف الخيال /
_cالشريف المرتضى: ابو القاسم على بن الحسين بن موسى بن محمد بن ابرهيم
700 1 _aحسن كامل الصيرفى
700 1 _aابراهيم الابيارى
260 _a[S.N] :
_bوزارة الثقافة والارشاد القومى ،
_c1962
300 _a335 ص ؛
_c25 سم
490 _aتراثنا - المكتبة الاسلامية
_v0
650 0 4 _aالادب العربى
650 0 4 _aالدولة العباسية الثالثة
650 0 4 _aتاريخ ونقد
650 0 4 _aالمجموعات
942 _2ddc
_cBK
999 _c30190
_d30190